|
|
|
|
| LEADER |
00701cam a2200217 a 4500 |
| 001 |
0000086120 |
| 005 |
20070717090000.0 |
| 040 |
|
|
|a mod
|
| 041 |
|
|
|a eng
|
| 020 |
0 |
0 |
|a 9789833566243
|
| 020 |
0 |
0 |
|a 9833655246
|
| 090 |
0 |
0 |
|a 658.4038
|b ABD
|e 2006
|
| 100 |
1 |
0 |
|a Abdul Manaf Bohari
|
| 245 |
1 |
0 |
|a Asas dan teori sistem maklumat kontemporari
|c Abdul Manaf Bohari, Nur Haryani Zakaria, Norliza Katuk
|
| 260 |
0 |
0 |
|a Petaling Jaya
|b Prentice Hall
|c 2006
|
| 300 |
0 |
0 |
|a xi, 441 p.
|b ill.
|c 26 cm
|
| 650 |
0 |
0 |
|a Management information systems
|
| 650 |
0 |
0 |
|a Information resources management
|
| 700 |
1 |
1 |
|a Nur Haryani Zakaria
|
| 700 |
1 |
1 |
|a Norliza Katuk
|
| 999 |
|
|
|a 0254945
|b PUSASDA
|d BOOKS
|e Umum
|f PUSASDA
|j AVAILABLE
|p 1
|q GOOD CONDITION
|